Pokémon - Les attaques de Corboss - Statistiques

Statistiques générales
  • Ce quiz a été pris 24 fois
  • Le résultat moyen est 7 sur 11
Statistiques - réponses
Niveaux Types Noms des attaques % Correct
Départ Glace Buée Noire
94%
Départ Vol Cru-Aile
88%
Niveau 75 Ténèbres Vibrobscur
88%
Départ Ténèbres Coup Bas
75%
Départ Spectre Étonnement
75%
Départ Niveau 55 Ténèbres Tranche-Nuit
75%
Niveau 45 Ténèbres Tricherie
69%
Niveau 35 Ténèbres Machination
56%
Départ Ténèbres Poursuite
50%
Niveau 65 Ténèbres À la Queue
31%
Niveau 25 Normal Vantardise
31%
Aucun quiz correspondant
Distribution des résultats
% des personnes avec chaque résultat
Percentile par nombre de réponses
Votre historique - résultats
Vous n’avez pas pris ce quiz